| 000 | 01111nam a2200253Ia 4500 | ||
|---|---|---|---|
| 999 |
_c40433 _d40433 |
||
| 001 | 7042 | ||
| 003 | GE_BSU | ||
| 005 | 20200819124254.0 | ||
| 008 | 181216s2012ge xx |||||||||||||| ||geo|| | ||
| 020 | _a9789941104787. | ||
| 040 | _cGE_BSU | ||
| 041 | _hgeo | ||
| 080 | _a347.9(479.22) ქ-88 | ||
| 100 |
_aქურდაძე, შალვა. _99257 |
||
| 245 |
_aსაქართველოს სამოქალაქო საპროცესო სამართალი / _cშალვა ქურდაძე ; რედ.რომან შენგელია. |
||
| 264 |
_aთბილისი: _bმერიდიანი, _c2012. |
||
| 300 |
_a756 გვ; _c25 სმ. |
||
| 504 | _aბიბლიოგრაფ.ტექსტის შენიშვნ. | ||
| 541 | _h25ლ. | ||
| 653 | _aსამართალი | ||
| 653 | _aსაქართველოს სამოქალაქო საპროცესო სამართალი. | ||
| 700 |
_aშენგელია, რომან _eრედაქტორი _9909 |
||
| 942 |
_cBK _2udc |
||